00321nam a2200121Ia 4500008004100000041000800041082001600049100001900065245004400084260002800128300003100156365001200187240624s9999 xx 000 0 und d aeng a338.542 CAS aCASSIS YOUSSEF aCRISES AND OPPORTUNITIES THE SHAPING OF c2013aNew DelhibOxford axvi, : 200 : p. : cm. ; 21 cBPSb38